000 01224naa a22003377a 4500
001 BR8305464
003 BR-BrBNA
005 20250721143232.0
007 ta
008 250630b bl.|||m| |||| 00| 0 por d
040 _aBR-BrBNA
_bpor
_cBiblioteca Nacional de Agricultura
041 _a(Pt)
072 _aL30
_b1940
_b5300
090 _aL30 BR8305464
100 1 _aFialho, E.T.
100 1 _aAlbino, L.F.T.
100 1 _aGomes, P.C.
100 1 _aRosa, P.S.
111 1 _a12. Reuniao Tecnica Anual do Sorgo
_cPelotas, RS (Brazil)
_d9-12 Aug 1983
245 1 _aValores energeticos e proteicos de seis cultivares de sorgo para suinos [Sorghum spp]
500 _aAnais da 12. Reuniao Tecnica Anual do Sorgo Pelotas, RS (Brasil): 1983. p. 95-103 [6 ref.; 4 tables] (BR8305464-AMS)
773 0 _tAnais da 12. Reuniao Tecnica Anual do Sorgo
_wL30 BR8305464
_gPelotas, RS (Brasil), 1983. p. 95-103
650 _aSORGO
650 _aCOMPOSICAO DE ALIMENTO
650 _aVALOR NUTRITIVO
650 _aNUTRICAO ANIMAL
650 _aSUINO
490 _aDocumentos - Unidade de Execucao de Pesquisa de Ambito Estadual de Pelotas (Brazil)
_vno. 15
942 _cAMS
_2AGRIS
909 _a202506
_bLúcia
_c55
_dLúcia Elande
999 _c334581
_d334581